• 首页
  • 本馆介绍
  • 公告通知
  • 最新文献
  • 馆藏检索
  • 电子资源
  • 读者导购
  • 参考咨询
  • 我的图书馆
  • 登录
  • 详细信息显示
  • 放入我的书架
  • 预约/预借图书
  • 作者相关作品
  • 分类相关作品
  • 丛书相关作品
  • 出版社相关作品

书目信息

  • 表格格式
  • 工作单格式
  • 卡片格式
题名:
杜威教育名著导读
    
 
作者: 王凌皓 主编 ;王澍, , 樊华, 编著
分册:  
出版信息: 长春   吉林文史出版社  2016
页数: [15], 158页
开本: 24cm
丛书名: 中外教育名著导读书系
单 册:
中图分类: G40-097.12
科图分类:
主题词: 哲学家--zhe xue jia--教育思想--美国--现代
电子资源:
ISBN: 978-7-5472-1444-2
000 01086nam 2200313 450
001 012001001083
005 20131026083146.0
010    @a978-7-5472-1444-2@dCNY33.00
099    @aCAL 012016071753
100    @a20160614d2016 em y0chiy50 ea
101 0  @achi
102    @aCN@b220000
105    @ay a 000yy
106    @ar
200 1  @a杜威教育名著导读@Adu wei jiao yu ming zhu dao du@f王凌皓主编@g王澍, 樊华编著
210    @a长春@c吉林文史出版社@d2016
215    @a[15], 158页@d24cm
225 2  @a中外教育名著导读书系@Azhong wai jiao yu ming zhu dao du shu ji
320    @a有书目
330    @a本书内容包括: 人类的生存与教育; 民主社会与教育; 如何进行道德教育等。
410  0 @12001 @a中外教育名著导读书系
600  1 @a杜威@Adu wei@g(Dewey, John),@f1859-1952@x教育思想@x研究
606 0  @a哲学家@Azhe xue jia@x教育思想@y美国@z现代
690    @aG40-097.12@v5
701  0 @a王凌皓@Awang ling hao@4主编
702  0 @a王澍,@Awang shu@f1978-@4编著
702  0 @a樊华,@Afan hua@f1977-@4编著
801  2 @aCN@b上海新华@c20191020
905    @b1222477-80@dG40-097.12@e1060@f4
    
    杜威教育名著导读/王凌皓主编/王澍, 樊华编著.-长春:吉林文史出版社,2016
    [15], 158页;24cm.-(中外教育名著导读书系)
    
    
    ISBN 978-7-5472-1444-2:CNY33.00
    本书内容包括: 人类的生存与教育; 民主社会与教育; 如何进行道德教育等。
●
相关链接 在E读中查询图书 在五车中查询图书 在当当中查询图书 在豆瓣中查询图书


正题名:杜威教育名著导读     索取号:G40-097.12/1060         预约/预借

序号 登录号 条形码 馆藏地/架位号 状态 备注
1 1222477   212224779   第一样本阅览室/ [索取号:G40-097.12/1060] 在馆    
2 1222478   212224788   教育系资料室/ [索取号:G40-097.12/1060] 在馆    
3 1222479   212224797   教育系资料室/ [索取号:G40-097.12/1060] 在馆    
4 1222480   212224804   第四借阅区/ [索取号:G40-097.12/1060] 在馆    
唐山师范学院图书馆 欢迎您!
大连网信软件有限公司© 版权所有